000 00589nam a22002177a 4500
001 00028588
005 20260318123120.0
008 260318b ag ||||| |||| 00| 0 spa d
020 _a9505113730
040 _aAR-CcCEOS
_bspa
_cAR-CcCEOS
041 _aspa
080 _a860-3(82)
090 _bDUJ
100 1 _aDujovne Ortiz, Alicia,
_d1939-
_9919
245 _aMireya /
_cAlicia Dujovne Ortiz
250 _a1ยช ed.
264 _aBuenos Aires :
_bAguilar, Taurus, Alfaguara,
_cc1998.
300 _a239 p. ;
_c24x15 cm.
655 0 _aliteratura argentina
_928
942 _2udc
_cBK
_n0
999 _c28618
_d28618